000 00294nam a2200121Ia 4500
008 240731s9999 xx 000 0 und d
022 _a2578-5265
245 0 _aTransnational Screens
260 _bRoutledge
856 _uhttps://www.tandfonline.com/loi/rtrc21
942 _2ddc
942 _cTFEJ
999 _c80192
_d80192
945 _a1
_bMadushi Gamage
_c1
_dMadushi Gamage